Movies by One-Word clues - Statistics

General Stats
  • This quiz has been taken 106 times
  • The average score is 9 of 14
Answer Stats
Clue Movie title % Correct
Shark Jaws
97%
Clown It
86%
Mafia The Godfather
83%
Rat Ratatouille
80%
Minions Despicable Me
77%
Emotions Inside Out
70%
Running Forrest Gump
64%
Swamp Shrek
61%
Prison The Shawshank Redemption
61%
Pilot Top Gun
45%
Drumming Whiplash
45%
Dream Inception
43%
Magicians Now You See Me
39%
Bounty the Good, the Bad and the Ugly
2%
No matching quizzes found
Score Distribution
Percent of People with Each Score
Percentile by Number Answered
Your Score History
You have not taken this quiz